000 00978nam a2200301 4500
003 EC-UNACH
005 20251223081739.0
006 s||||gr|||| 00| 00
008 150116t9999 mx r gr 000 0 spa d
020 _a 978-9978-92-871-4
040 _aEC-UNACH
_cEC-UNACH
041 _aspa
082 0 4 _223
_a394.12
_bL018572
110 _aMinisterio de Inclusión Económica y Social
245 _aRaíces
250 _aSegunda edición
264 _aEcuador
_bMinisterio de Inclusión Económica y Social
_c2013
300 _a297
505 _aRegión Oriental Costáis Sierra -Devolviendo la memoria de los pueblos -Contexto -Los principios de la vida detrás de la forma de alimentarse
650 _aCOSTUMBRES
650 _aLA DIVERSIDAD
650 _aCULTURA
700 _aMinisterio de Inclusión Económica y Social
942 _2ddc
_c1
999 _c14353